000 00347nam a2200157Ia 4500
003 OSt
005 20240306094444.0
008 170523s9999 xx 000 0 und d
020 _a978-0131913462
040 _ciimtu meerut
100 _aSTERN- LW
245 0 _aMARKETING CHANNELS
260 _bNEW DELHI PHI
260 _c2001
942 _2ddc
_c02
999 _c954
_d954